| 000 | 00981nam2a2200277 4500 | ||
|---|---|---|---|
| 001 | RU\NLR\bibl\66090 | ||
| 005 | 20250616093303.0 | ||
| 010 | _a5-300-01660-8 | ||
| 021 |
_aRU _b98-15209 _9719 |
||
| 035 | _a(NLR Aleph) 000064470 | ||
| 090 |
_a352811 _c352811 |
||
| 100 | _a19991228d1998 |||y0rusy50 ca | ||
| 101 | 1 |
_arus _cfre |
|
| 102 | _aRU | ||
| 105 | _ay ||||||||| | ||
| 200 | 1 |
_aРугон-Маккары. Мечта _e[Роман _fПер. с фр. М. Ромма] |
|
| 210 |
_d1998 _aБ. м. |
||
| 215 |
_a250, [1] с. _cпортр. |
||
| 461 | 0 |
_1001RU\NLR\bibl\6084 _12001#$aСобрание сочинений$vТ. 16 _917114 _aЗоля, Э. (1840-1902) _cМ. _d1997 _fЭмиль Золя _nТЕРРА _oВ 20 т. : [Пер. с фр.] _tСобрание сочинений _y5-300-00686-6 _vТ. 16 |
|
| 517 | 0 | _aМечта | |
| 801 | 0 |
_aRU _bNLR _c19991228 _gPSBO |
|
| 801 | 1 |
_aRU _bNLR _c19991228 |
|
| 852 |
_aNLR _j96-5/3892 |
||
| 942 | _cBOOK | ||
| 980 | _aNB | ||